[Event "Split op 1st"]
[Site "Split"]
[Date "2011.08.12"]
[Round "8"]
[White "Kalinski, Krunoslav"]
[Black "Sevelj, Berislav"]
[Result "1/2-1/2"]
[WhiteElo "2128"]
[BlackElo "2028"]
[PlyCount "116"]
[EventDate "2011.08.05"]
[EventType "swiss"]
[EventRounds "9"]
[EventCountry "CRO"]
[SourceTitle "CBM 143 Extra"]
[Source "ChessBase"]
[SourceDate "2011.08.29"]
[SourceVersion "1"]
[SourceVersionDate "2011.08.29"]
[SourceQuality "1"]

1. Nf3 Nc6 2. b3 e5 3. Bb2 e4 4. Ng1 d5 5. e3 Nf6 6. d3 Bb4+ 7. c3 Be7 8. Ne2 Bf5 9. Ng3 Bg6 10. d4 a6 11. Be2 Na5 12. Nd2 b5 13. a4 c6 14. axb5 axb5 15. 0-0 0-0 16. Ra2 Bd6 17. Qc2 Nb7 18. Rfa1 Rxa2 19. Rxa2 Qb8 20. Qd1 Rc8 21. Qa1 h5 22. Ngf1 Bf5 23. Qd1 g6 24. c4 bxc4 25. bxc4 Ng4 26. g3 Kg7 27. Qb3 Be6 28. Nxe4 dxc4 29. Bxc4 Bxc4 30. Qxc4 Nd8 31. h3 Nh6 32. Nxd6 Qxd6 33. d5+ f6 34. e4 Rc7 35. Ra6 Nhf7 36. Ne3 cxd5 37. Qa4 Rc6 38. Rxc6 Nxc6 39. Nxd5 Nce5 40. Kg2 Nd7 41. Qd4 Nfe5 42. f4 Nc6 43. Qc3 Qe6 44. Kf3 Ne7 45. Nxe7 Qxe7 46. g4 hxg4+ 47. hxg4 Qe6 48. f5 Qa6 49. Qd2 Qf1+ 50. Ke3 Qh3+ 51. Kd4 Qxg4 52. Kd5 gxf5 53. exf5 Qxf5+ 54. Kd6 Nf8 55. Qg2+ Ng6 56. Qb7+ Kh6 57. Qh1+ Kg5 58. Qg2+ Kh6 1/2-1/2

[Event "Split op 1st"]
[Site "Split"]
[Date "2011.08.10"]
[Round "6"]
[White "Kalinski, Krunoslav"]
[Black "Djurovic, Goran"]
[Result "0-1"]
[WhiteElo "2128"]
[BlackElo "2328"]
[PlyCount "94"]
[EventDate "2011.08.05"]
[EventType "swiss"]
[EventRounds "9"]
[EventCountry "CRO"]
[SourceTitle "CBM 143 Extra"]
[Source "ChessBase"]
[SourceDate "2011.08.29"]
[SourceVersion "1"]
[SourceVersionDate "2011.08.29"]
[SourceQuality "1"]

1. d4 Nf6 2. c4 e6 3. Nc3 Bb4 4. e3 0-0 5. Bd3 c5 6. Nge2 cxd4 7. exd4 d5 8. cxd5 Nxd5 9. 0-0 Nc6 10. a3 Be7 11. Qc2 h6 12. Rd1 Bf6 13. Nxd5 exd5 14. Be3 Qb6 15. h3 Be6 16. Qd2 Rfd8 17. Bc2 Ne7 18. Ng3 Rac8 19. Nh5 Bf5 20. Nxf6+ Qxf6 21. Rac1 Qg6 22. Bxf5 Nxf5 23. Rxc8 Rxc8 24. Rc1 Re8 25. Qd3 Re4 26. Rc8+ Kh7 27. Rc3 Nh4 28. Qf1 Re6 29. Qd3 f5 30. g3 Nf3+ 31. Kf1 Qh5 32. Rc1 Qxh3+ 33. Ke2 Qg4 34. Kf1 Re4 35. Qd1 f4 36. gxf4 Qh3+ 37. Ke2 Nxd4+ 38. Kd2 Qf5 39. Rc3 Nc6 40. Rc5 Qe6 41. Qc2 Kh8 42. Kc1 d4 43. Bd2 Re2 44. Qd3 Rxf2 45. Rb5 b6 46. Rh5 Qa2 47. Rf5 Rf1+ 0-1

[Event "Split op 1st"]
[Site "Split"]
[Date "2011.08.08"]
[Round "4"]
[White "Kalinski, Krunoslav"]
[Black "Andromak, Franino"]
[Result "1-0"]
[WhiteElo "2128"]
[BlackElo "1751"]
[PlyCount "73"]
[EventDate "2011.08.05"]
[EventType "swiss"]
[EventRounds "9"]
[EventCountry "CRO"]
[SourceTitle "CBM 143 Extra"]
[Source "ChessBase"]
[SourceDate "2011.08.29"]
[SourceVersion "1"]
[SourceVersionDate "2011.08.29"]
[SourceQuality "1"]

1. b3 d5 2. Bb2 e6 3. e3 Nf6 4. Nf3 Be7 5. Be2 b6 6. 0-0 0-0 7. c4 Bb7 8. d3 dxc4 9. bxc4 c5 10. Nbd2 Nc6 11. d4 cxd4 12. exd4 Qc7 13. Rc1 Rad8 14. Re1 Rfe8 15. Bd3 Qf4 16. a3 Qb8 17. Bb1 Rc8 18. Qc2 g6 19. d5 exd5 20. Rxe7 Nxe7 21. Bxf6 Qf4 22. Qc3 Rc6 23. Be5 Qh6 24. Re1 Nf5 25. Bxf5 gxf5 26. Nd4 Rg6 27. Nxf5 Qg5 28. Ng3 Rge6 29. f4 Qg4 30. Rf1 h5 31. h3 Qh4 32. Nf5 Qd8 33. Qf3 Rg6 34. Qxh5 Rxe5 35. fxe5 dxc4 36. Nh6+ Rxh6 37. Qxh6 1-0

[Event "Pula op 25th"]
[Site "Pula"]
[Date "2011.06.19"]
[Round "2"]
[White "Kalinski, Krunoslav"]
[Black "Loncar, Robert"]
[Result "0-1"]
[WhiteElo "2129"]
[BlackElo "2388"]
[PlyCount "58"]
[EventDate "2011.06.18"]
[EventType "swiss"]
[EventRounds "9"]
[EventCountry "CRO"]
[SourceTitle "CBM 143 Extra"]
[Source "ChessBase"]
[SourceDate "2011.08.29"]
[SourceVersion "1"]
[SourceVersionDate "2011.08.29"]
[SourceQuality "1"]

1. d4 Nf6 2. c4 e6 3. Nc3 Bb4 4. e3 0-0 5. Bd3 d5 6. Nge2 dxc4 7. Bxc4 a6 8. 0-0 b5 9. Bd3 Bb7 10. Qb3 c5 11. a4 bxa4 12. Rxa4 Bc6 13. Ra1 Nbd7 14. Rd1 a5 15. f3 Qb6 16. Bc4 cxd4 17. Nxd4 Nc5 18. Qc2 Bd7 19. Qf2 Rac8 20. Ba2 Bxc3 21. bxc3 Na4 22. Ba3 Nxc3 23. Rd2 Rfe8 24. Bb1 Nxb1 25. Rb2 Rc1+ 26. Qf1 Rxf1+ 27. Kxf1 Qa6+ 28. Kf2 Nxa3 29. Rxa3 a4 0-1

[Event "CRO-Cup 20th"]
[Site "Sibenik"]
[Date "2011.05.18"]
[Round "1.113"]
[White "Kalinski, Krunoslav"]
[Black "Voscilla, Adriano"]
[Result "1/2-1/2"]
[WhiteElo "2129"]
[BlackElo "2201"]
[PlyCount "156"]
[EventDate "2011.05.18"]
[EventType "team-swiss"]
[EventRounds "6"]
[EventCountry "CRO"]
[SourceTitle "CBM 142 Extra"]
[Source "ChessBase"]
[SourceDate "2011.06.27"]
[SourceVersion "1"]
[SourceVersionDate "2011.06.27"]
[SourceQuality "1"]
[WhiteTeam "Split"]
[BlackTeam "Pula"]
[WhiteTeamCountry "CRO"]
[BlackTeamCountry "CRO"]

1. d4 d5 2. c4 c6 3. Nc3 Nf6 4. Nf3 e6 5. Qc2 Be7 6. e3 0-0 7. a3 Nbd7 8. Be2 Re8 9. 0-0 Bd6 10. e4 dxe4 11. Ng5 Bc7 12. Be3 h6 13. Ngxe4 Nxe4 14. Qxe4 f5 15. Qd3 f4 16. Bd2 Qf6 17. Rae1 Rd8 18. Ne4 Qg6 19. Qf3 e5 20. d5 cxd5 21. cxd5 Nb6 22. d6 Bxd6 23. Nxd6 Qxd6 24. Bc3 Be6 25. Rd1 Bd5 26. Qg4 Qe7 27. Rfe1 Re8 28. Bb5 Be6 29. Qe2 Nd7 30. Bxe5 a6 31. Ba4 b5 32. Bc2 Bc4 33. Rxd7 Bxe2 34. Rxe7 Rxe7 35. Bxf4 Rae8 36. Be3 Bc4 37. Rd1 Kf7 38. b3 Be6 39. h3 Rd7 40. Rb1 Rc7 41. Bd1 Rc3 42. a4 Bf5 43. Ra1 Bc2 44. Bxc2 Rxc2 45. axb5 axb5 46. Ra5 Re5 47. Ra7+ Re7 48. Ra5 Rb7 49. b4 Ke6 50. Ra8 Kd5 51. Rd8+ Kc4 52. Bc5 Rf7 53. g4 Rc3 54. Kg2 Rff3 55. Rd4+ Kb3 56. h4 Rfd3 57. Rxd3 Rxd3 58. h5 Kc4 59. Bf8 Rd7 60. f4 Rf7 61. Bd6 Kd5 62. Be5 Ke4 63. Kg3 Rd7 64. Ba1 Rd3+ 65. Kh4 Kxf4 66. Bxg7 Rd6 67. Bf8 Rf6 68. Be7 Rf7 69. Bd6+ Ke4 70. g5 Kd5 71. g6 Rf5 72. Bg3 Ke4 73. Be1 Ke3 74. Kg4 Rg5+ 75. Kh3 Rxh5+ 76. Bh4 Re5 77. g7 Re8 78. Bf6 Ke4 1/2-1/2